Obras selectas de Edgar Wallace II : El día de la concordia / El hombre que no era nadie / La cuarta plaga /

Uloženo v:
Podrobná bibliografie
Hlavní autor: Wallace, Edgar (autor)
Médium: Kniha
Jazyk:španělština
Vydáno: Barcelona, España : Orbis, 1984, c1984
Tagy: Přidat tag
Žádné tagy, Buďte první, kdo vytvoří štítek k tomuto záznamu!

MARC

LEADER 00000nam^a2200000^a^4500
001 000592654
005 20250521000000.0
009 20260310132952.612
020 |a 84-7530-481-8 
037 |a Acervo ITESO - Biblioteca 
041 |a ESP 
091 |a FCR. 01204 
100 |a Wallace, Edgar  |e (autor) 
245 1 0 |a Obras selectas de Edgar Wallace II :  |b El día de la concordia / El hombre que no era nadie / La cuarta plaga / 
264 4 |a Barcelona, España :  |b Orbis,  |c 1984, c1984 
300 |a 378 p. 
336 |a texto  |b txt  |2 rdacontenido 
337 |a sin mediación  |b n  |2 rdamedio 
338 |a volumen  |b nc  |2 rdasoporte 
649 |a XX 
910 |a Fondo Cristina Romo Gil 
920 |a Impresos - Libros 
930 |a Fondos Especiales 
940 |a Literatura 
905 |a 143 
901 |a 592890-10  |b IT2  |c ESP  |i D123294  |u 20250521 
902 |a https://opac.biblio.iteso.mx/vufind/Record/000592654